000 00398nam a2200145Ia 4500
008 230312s9999||||xx |||||||||||||| ||und||
082 _a820
_bSAM-R
100 _aSamdani;K.M.A(justice)
245 0 _aRole of Judiciary in the Constitutional Crises of Pakistan
260 _bJahangir Books
_aPakistan
300 _a190
546 _aeng/
650 _aLiterature
_vJudiciary of Pakistan
942 _cBK
999 _c9352
_d9352